000240263 001__ 240263
000240263 005__ 20210922173114.0
000240263 0247_ $$2BMBF$$aG:(BMBF)01SF9825/2$$d01SF9825/2
000240263 0247_ $$2Dimensions$$aG:(Dimensions)grant.7965064$$dgrant.7965064
000240263 035__ $$aG:(BMBF)01SF9825/2
000240263 150__ $$aHGF Verbundprojekt 98/13: Innovative Werkstoffsysteme zur Wirkungsgradsteigerung von stationären Gasturbinen und Flugtriebwerken (Strategiefonds-Projekt)$$y1999-01-01 - 2001-06-30
000240263 5101_ $$0I:(DE-588b)5309538-8 $$aFederal Ministry of Education and Research$$bBMBF
000240263 909CO $$ooai:juser.fz-juelich.de:896118$$pauthority$$pauthority:GRANT
000240263 909CO $$ooai:juser.fz-juelich.de:896118
000240263 980__ $$aG
000240263 980__ $$aAUTHORITY